Europa mit S - Statistiken

Allgemein
  • Dieses Quiz wurde 134 mal gespielt
  • Das Durchschnittsergebnis liegt bei 23 aus 42
Antwortstatistiken
Hint Antwort % Korrekt
Schweden
96%
Slowakei
90%
Slowenien
90%
Spanien
90%
Fluss durch Paris Seine
89%
Serbien
88%
Schweiz
86%
Großstadt in Frankreich nah der deutschen Grenzen, Sitz des Europaparlaments Straßburg
79%
Nebenfluss der Elbe, fließt durch Halle in Sachsen-Anhalt Saale
78%
zweitgrößte Mittelmeerinsel, gehört zu Italien Sardinien
78%
Stockholm
78%
Länder San Marino
75%
Hauptstädte San Marino
75%
Sarajevo
72%
Haupstadt der Region Andalusien/Spanien Sevilla
72%
Meer, an welches 3 europäische Länder grenzen Schwarzes Meer
67%
Sofia
67%
antiker griechischer Philosoph Sokrates
64%
Meisterwerk Gaudis in Barcelona Sagrada Familia
59%
deutscher Technologiekonzern Siemens
58%
berühmtes Opernhaus, Wahrzeichen Dresdens Semperoper
57%
schwedischer Streamingdienst für Audioinhalte Spotify
57%
deutscher Industrieller, der im Holocaust jüdische Kinder rettete Oskar Schindler
52%
Schloss in Wien, Sommerresidenz der Habsburger Schloss Schönbrunn
50%
Skopje
49%
schöner See in Mecklenburg-Vorpommern, an dem ein Schloss liegt Schweriner See
43%
deutscher Komponist der Romantik, gest. 1856, bekannt ist auch seine Frau Clara Robert Schumann
41%
österreichisches Unternehmen, berühmt für sein geschliffenes Kristallglas Swarovski
39%
Symbol für den Sieg über Dänemark im Deutsch-Dänischen Krieg von1864, zu finden in Berlin Siegessäule
37%
Gebirge im Süden Spaniens Sierra Nevada
32%
Kapelle nördlich des Petersdoms, wo das Konklave abgehalten wird Sixtinische Kapelle
31%
großer See in der Nähe von Hannover Steinhuder Meer
31%
der längste Fluss Großbritanniens Severn
30%
deutsch-französischer Arzt und Philosoph, genannt der "Urwalddoktor", gest. 1965 Albert Schweitzer
27%
bekannter österreichischer Operettenkomponist Johann Strauss
27%
derzeitiger Premierminister des Vereinigten Königreichs Keir Starmer
27%
Schweizer Uhrenhersteller Swatch
27%
französischer Schriftsteller, "Der kleine Prinz" Antoine de Saint-Exupéry
21%
Schweizer Jugendbuchautorin (gest. 1901), bekannt durch eine Hauptfigur, ein Mädchen Johanna Spyri
15%
französischer Modedesigner und gleichnamiges Unternehmen Yves Saint Laurent
10%
eine der größten Kirchen der Welt in London St.-Pauls-Kathedrale
8%
schöne Palastkapelle in Paris im Stil der Hochgotik Sainte-Chapelle
3%
Keine übereinstimmenden Quizze gefunden
Verteilung der Resultate
Anzahl Personen mit jedem Resultat
Perzentil nach korrekt beantworteten Fragen
Ihre Resultats-Entwicklung
Sie haben dieses Quiz noch nicht gespielt